Loading...

Mathematical physics with partial differential equations

Bibliographic Details
Main Author: Kirkwood, James R
Format: Printed Book
Language:English
Published: Amsterdam Elsevier 2013
Subjects:
LEADER 00652 a2200193 4500
005 20151026133210.0
008 140924b xxu||||| |||| 00| 0 eng d
020 |a 9780123869111 
080 |a 517.91  |b KIR 
100 |a Kirkwood, James R  
245 |a Mathematical physics  |b with partial differential equations 
260 |b Elsevier  |c 2013  |a Amsterdam 
300 |a xii, 418p. 
653 |a Vector calculos 
653 |a Differential equations 
653 |a Fourier transformation 
942 |c BK  |6 _ 
999 |c 65101  |d 65101 
952 |0 0  |1 0  |2 udc  |4 0  |6 51791_KIR  |7 0  |9 77458  |a UL  |b UL  |d 2013-03-12  |g 0.00  |l 1  |o 517.91 KIR  |p 00070000  |r 2014-11-21  |s 2014-11-07  |v 0.00  |w 2013-03-12  |y BK